000 00523nam a2200181 a 4500
005 20240703063821.0
008 991125s1945 ea 000 0 spa u
035 _aUPN01000014817
049 _aF
050 4 _aE18
_bD52
245 0 0 _aDía de las Américas :
_b14 de abril.
260 _aWashington :
_bUnión Panamericana,
_c1945.
300 _a3 v.
505 8 _aContenido:
_gv.3.
_tLa interdependencia de las Américas
520 _aDatos tomados de la cubierta
651 4 _aAmérica
_xHistoria
_92658
905 _aLibro
999 _c14817
_d14817